Sanat - "Hetken tie on kevyt" - Laura Närhi - Statistics

Yleistilastot
  • Tätä visaa on pelattu 54 kertaa
  • Keskiarvotulos 102 / 142
Vastaustilastot
Vastaus % Oikein
hetken
95%
kevyt
95%
kulkea
95%
on
95%
tie
95%
kaksin
92%
92%
ja
89%
Kun
87%
kun
87%
me
87%
pikkusisko
87%
yksi
87%
87%
kohdattiin
84%
sinut
84%
voi
84%
kaltaisensa
82%
kohdata
82%
meitä
82%
tunnen
82%
vasta
82%
ei
79%
79%
vaeltaa
79%
vuodetkaan
79%
yössä
79%
kuin
76%
mikään
76%
vaikka
76%
yksin
76%
erota
74%
etäisyys
71%
niin
71%
vain
71%
elämä
68%
hiukset
68%
rinnoillasi
68%
takkuiset
68%
koko
66%
monin
66%
oot
66%
pitää
66%
saan
66%
sut
66%
vierelläni
66%
huokaus
63%
maannut
63%
kasvoin
58%
unohtaa
58%
aamuyön
55%
ennenkin
55%
utu
55%
ois
53%
silmissä
53%
tuhannet
53%
etelä
50%
Ikuisuus
50%
lihaksi
50%
pohjoinen
50%
unen
50%
unessasi
50%
varten
50%
kasteiset
47%
keväät
47%
laaksot
47%
niityt
47%
tulleet
47%
kaikki
45%
purjehdit
45%
yön
42%
japanin
37%
kirsikankukat
37%
otsalla
37%
tuoksussasi
37%
aamutähti
32%
kuupurrellasi
32%
laitoja
32%
äären
26%
lännen
26%
astelet
24%
saaret
21%
sateiset
21%
Ehtoja vastaavia visoja ei löytynyt
Tulosjakauma
Jokaisen tuloksen saaneiden osuus
Persentiili vastausten määrän mukaan
Tuloshistoriasi
Et ole pelannut tätä visaa